<?xml version="1.0" encoding="UTF-8"?>
<record
    xmlns:xsi="http://www.w3.org/2001/XMLSchema-instance"
    xsi:schemaLocation="http://www.loc.gov/MARC21/slim http://www.loc.gov/standards/marcxml/schema/MARC21slim.xsd"
    xmlns="http://www.loc.gov/MARC21/slim">

  <leader>00790nam a22002177a 4500</leader>
  <controlfield tag="005">20250915165013.0</controlfield>
  <controlfield tag="008">250915b        |||||||| |||| 00| 0 eng d</controlfield>
  <datafield tag="040" ind1=" " ind2=" ">
    <subfield code="c">AL</subfield>
  </datafield>
  <datafield tag="041" ind1=" " ind2=" ">
    <subfield code="a">Kannada</subfield>
  </datafield>
  <datafield tag="082" ind1=" " ind2=" ">
    <subfield code="a">K894.9</subfield>
    <subfield code="b">THIM</subfield>
  </datafield>
  <datafield tag="100" ind1=" " ind2=" ">
    <subfield code="a">G R Thippeswamy </subfield>
    <subfield code="9">238716</subfield>
  </datafield>
  <datafield tag="100" ind1=" " ind2=" ">
    <subfield code="d">&#xC9C;&#xCBF; &#xC86;&#xCB0;&#xCCD; &#xCA4;&#xCBF;&#xCAA;&#xCCD;&#xCAA;&#xCC7;&#xCB8;&#xCCD;&#xCB5;&#xCBE;&#xCAE;&#xCBF; </subfield>
    <subfield code="9">238717</subfield>
  </datafield>
  <datafield tag="245" ind1=" " ind2=" ">
    <subfield code="a">M L Srikanteshagowda</subfield>
    <subfield code="b">&#xC8E;&#xC82; &#xC8E;&#xCB2;&#xCCD; &#xCB6;&#xCCD;&#xCB0;&#xCC0;&#xC95;&#xC82;&#xCA0;&#xCC7;&#xCB6;&#xC97;&#xCCC;&#xCA1; </subfield>
  </datafield>
  <datafield tag="260" ind1=" " ind2=" ">
    <subfield code="a">New Delhi</subfield>
    <subfield code="b">Sahitya Akademy</subfield>
    <subfield code="c">2015</subfield>
  </datafield>
  <datafield tag="300" ind1=" " ind2=" ">
    <subfield code="a">107 p.</subfield>
    <subfield code="b">PB</subfield>
    <subfield code="c">21x14 cm.</subfield>
  </datafield>
  <datafield tag="365" ind1=" " ind2=" ">
    <subfield code="a">3046-3047</subfield>
    <subfield code="b">&#x20B9;70.00</subfield>
    <subfield code="c">&#x20B9;</subfield>
    <subfield code="d">&#x20B9;100.00</subfield>
    <subfield code="f">14-08-2025</subfield>
  </datafield>
  <datafield tag="440" ind1=" " ind2=" ">
    <subfield code="a">Bharatiya Sahitya Nirmapakaru    </subfield>
    <subfield code="9">238718</subfield>
  </datafield>
  <datafield tag="440" ind1=" " ind2=" ">
    <subfield code="a">&#xCAD;&#xCBE;&#xCB0;&#xCA4;&#xCC0;&#xCAF; &#xCB8;&#xCBE;&#xCB9;&#xCBF;&#xCA4;&#xCCD;&#xCAF; &#xCA8;&#xCBF;&#xCB0;&#xCCD;&#xCAE;&#xCBE;&#xCAA;&#xC95;&#xCB0;&#xCC1;   </subfield>
    <subfield code="9">238719</subfield>
  </datafield>
  <datafield tag="650" ind1=" " ind2=" ">
    <subfield code="a">Monograph</subfield>
    <subfield code="9">238720</subfield>
  </datafield>
  <datafield tag="942" ind1=" " ind2=" ">
    <subfield code="2">ddc</subfield>
    <subfield code="c">BK</subfield>
  </datafield>
  <datafield tag="999" ind1=" " ind2=" ">
    <subfield code="c">240447</subfield>
    <subfield code="d">240447</subfield>
  </datafield>
  <datafield tag="952" ind1=" " ind2=" ">
    <subfield code="0">0</subfield>
    <subfield code="1">0</subfield>
    <subfield code="2">ddc</subfield>
    <subfield code="4">0</subfield>
    <subfield code="7">0</subfield>
    <subfield code="8">KAN</subfield>
    <subfield code="a">AL</subfield>
    <subfield code="b">AL</subfield>
    <subfield code="c">SK</subfield>
    <subfield code="d">2025-08-22</subfield>
    <subfield code="e">Sahitya Akademi, Bangalore-560001</subfield>
    <subfield code="g">70.00</subfield>
    <subfield code="l">0</subfield>
    <subfield code="o">K894.9 THIM</subfield>
    <subfield code="p">077822</subfield>
    <subfield code="r">2025-09-15 16:51:04</subfield>
    <subfield code="v">100.00</subfield>
    <subfield code="w">2025-08-14</subfield>
    <subfield code="y">BK</subfield>
  </datafield>
</record>
